Biblioteca

Justicia y paz (Registro nro. 51503)

Detalles MARC
000 -LÍDER
Campo fijo de descripción fija 00925aab a2200205 i 4500
001 - NÚMERO DE CONTROL
Campo de control 768714001
003 - IDENTIFICADOR DEL NÚMERO DE CONTROL
Campo de control CO-MdFUSB
005 - FECHA Y HORA DE LA ULTIMA TRANSACCIÓN
control field 20240422104704.0
008 - ELEMENTOS DE LONGITUD FIJA -- INFORMACIÓN GENERAL
Campo fijo de descripción fija -- Información general 240410t1984 ag ||||| |||| 00| 0 spa d
040 ## - FUENTE DE CATALOGACIÓN
Idioma de catalogación spa
Agencia que realiza la transcripción CO-MdFUSB
041 ## - CÓDIGO DE IDIOMA
Código de idioma para texto/pista de sonido o título separado spa
100 1# - ASIENTO PRINCIPAL--NOMBRE PERSONAL
Nombre personal Padilla, C. René
Término relacionador autor
245 ## - TÍTULO
Título Justicia y paz
Mención de responsabilidad / C. René Padilla
300 ## - DESCRIPCIÓN FÍSICA
Extensión Volumen 3, número 4 (diciembre, 1984), páginas: 140 - 143
Dimensiones ; 27 cm
520 ## - NOTA DE RESUMEN, ETC.
Nota de sumario, etc. Este artículo menciona que la paz, se impone como un objetivo político prioritario que ningún gobierno responsable puede descuidar, además señala que la paz tiene sus condiciones. Por tanto, a menos que se cumplan, el ideal de la paz no pasa de ser un mero deseo sin posibilidades de realización.
650 #7 - ASIENTO SECUNDARIO DE MATERIA - TERMINO TEMÁTICO
Término temático o nombre geográfico como elemento de entrada Justicia
9 (RLIN) 2116
653 ## - TÉRMINO DE INDIZACIÓN - NO CONTROLADO
Término no controlado Paz
773 0# - ASIENTO DE ITEM FUENTE
Título Iglesia y Misión
Biblionumber 49402
Itemnumber 59687
Parte(s) relacionada(s) / Volumen., número. (mes año), páginas Volumen 3, número 4 (diciembre, 1984), páginas: 140 - 143
Enumeración y primera página página: 140
942 ## - TIPO DE MATERIAL (KOHA)
Tipo de Item KOHA Artículos de Revista

No hay ítems disponibles.

Biblioteca FUSBC | Teléfono: (57+4) 349 88 10 Ext. 141| WhatsApp (+57) 3005338115 
E-mail: biblioteca@unisbc.edu.co | Calle 76 87-14 Robledo Palenque, Medellín, Colombia

Con tecnología Koha